000 00386pam a2200157a 44500
008 230405s2023 xxu||||| |||| 00| 0 eng d
020 _a9789354658938
082 _a610.73
_bSWA
100 _aSwain,Dharitri
245 _aObstetrics Nursing Procedure Manual
250 _a2nd Ed.
260 _aNew Delhi
_bJaypee Pub
_c2023
300 _a444 p.
502 _atext
906 _a004626
999 _c252857
_d252857